000 00695nam a2200289Ia 4500
005 20260324130225.0
008 008 260324s9999 xx 000 0 eng d
020 _a9781315580173
037 _aEBOOK
040 _aCRL
040 _beng
040 _cCRL
041 _2eng
041 _aeng
084 _qCRL
100 _aBob Usherwood
_91180969
245 0 _aEquity and Excellence in the Public Library
245 0 _bWhy Ignorance is Not our Heritage
260 _bTaylor and Francis
260 _c2008
365 _a
365 _b230
856 _uhttp://www.taylorfrancis.com/books/9781315580173
942 _cEBOOK
999 _c1776956
_d1776956